000 00644nam a2200133Ia 4500
008 171212s9999 xx 000 0 und d
020 _a9780833050175
100 _aWilson, Jeremy M.;Dalton, Erin;Scheer, Charles;Grammich, Clifford A.
245 _cWilson, Jeremy M.;Dalton, Erin;Scheer, Charles;Grammich, Clifford A.
_aPolice Recruitment and Retention for the New Millennium
_bThe State of Knowledge
260 _bRAND Corporation
_c2010
650 _aLaw
650 _aPolice -- Recruiting -- United States; Police -- United States -- Personnel management; Employee retention -- United States
856 _uwww.jstor.org/stable/10.7249/mg959doj
999 _c352411
_d352411